| 000 | 00579nam a22001817a 4500 | ||
|---|---|---|---|
| 999 |
_c174512 _d174512 |
||
| 005 | 20200619114543.0 | ||
| 010 | _a790472 | ||
| 020 | _c6.00 | ||
| 035 | _a790472 | ||
| 037 | _bBPPD/Pub. | ||
| 082 | _a842.08 | ||
| 100 | _aقمر اعظم ہاشمی | ||
| 245 |
_aاردو ڑراما نگاری: _bتنقیدی تاریخ کی روشنی میں / _cقمر اعظم ہاشمی |
||
| 246 |
_aUrdu Drame Nigar: Tanqeedi tarikh ki Roshni Mein / _bby Qamar Azim Hashmi |
||
| 260 | _c1942 ء | ||
| 300 |
_a112p. _c20cm(Hb) |
||
| 942 |
_2ddc _cUR _h842.08 _mہ ا ش |
||